000 00648nam a2200265Ia 4500
005 20260324153402.0
008 008 260324s9999 xx 000 0 eng d
020 _a9780081028360
037 _aEBOOK
040 _aCRL
040 _beng
040 _cCRL
041 _2eng
041 _aeng
084 _qCRL
100 _aMauro Cappelli
_91231268
245 0 _aInstrumentation and Control Systems for Nuclear Power Plants
260 _bElsevier
260 _c2023
650 _aEnergy
856 _uhttps://www.sciencedirect.com/science/book/9780081028360
942 _cEBOOK
999 _c1842718
_d1842718